| 000 | 02659cam a22004334i 4500 | ||
|---|---|---|---|
| 003 | PE-LiUPU | ||
| 005 | 20250731183349.0 | ||
| 008 | 040713s2004 nyua 000 0 eng | ||
| 020 |
_a0060747951 _q(hardcover) |
||
| 020 |
_a9780060747954 _q(hardcover) |
||
| 035 | _a(Sirsi) i9780060747954 | ||
| 040 |
_aDLC _bspa _cDLC _dYDX _dUKM _dBAKER _dIG# _dMUQ _dBTCTA _dYDXCP _dOCLCG _dSINLB _dDEBBG _dOCLCQ _dOMB _dTULIB _dOCLCF _dOCLCO _dOCLCQ _dPE-LiUPU |
||
| 049 | _aPRUA | ||
| 082 | 0 | 4 |
_a725.71 _bS29 _220 |
| 100 | 1 |
_aSchuster, Cristina del Valle, _d1979-, _eautor. |
|
| 245 | 1 | 0 |
_aNew bars & restaurants / _cCristina del Valle. |
| 246 | 3 | 0 | _aNew bars and restaurants. |
| 264 |
_aNew York, NY : _bHarper Design, _c2004. |
||
| 300 |
_a329 páginas : _bilustraciones ; _c30 centímetros. |
||
| 336 |
_text _2rdacontent |
||
| 337 |
_unmediated _2rdamedia |
||
| 338 |
_volume _2rdacarrier |
||
| 505 | 0 | _aEurope : United Kingdom : Cinnamon Club ; Elysium ; Sketch ; Silka ; Chintamani ; Plateau -- Norway : New Café in the National Gallery -- Finland : Helsinki Club ; Memphis Vaakuna -- France : Kong ; Andy Wahloo ; Bon 2 ; Happy Bar -- Netherlands Supperclubcruise -- Switzerland : Strozzi's Piu ; Le Chlösterli -- Spain : Hotel AC Pamplona ; El Noti ; Neri ; Dodoclub ; Naturalment.e ; Can Fabes ; Calle 54 ; tab.00 -- Italy : Una Hotel Vittoria ; Aleph ; 747 Bar -- America : Canada : Bymark ; Blowfish Restaurant -- United States : Avalon ; Sonotheque ; Falcon ; Chop't ; Tizi Melloul ; LIT ; Patina ; Café Sambal and Azul ; Mantra ; Soho House ; Mod ; Mix in New York ; SushisambaRio ; NoMI -- Mexico : Le Cirque -- Peru : Bar Tubo ; Asia de Cuba -- Asia : Japan : Roppongi Hills Club ; J-Pop Café Odaiba -- China : Emporio Armani Caffè -- Thailand : Bed Supperclub -- Australia : Icebergs. | |
| 526 | _aP158 | ||
| 526 | _aP146 | ||
| 526 | _aP17 | ||
| 526 | _aP12 | ||
| 526 | _aP06 | ||
| 541 | _g003-001197; | ||
| 650 | 1 | 4 | _aBares (Establecimientos de bebidas). |
| 650 | 1 | 4 | _aRestaurantes. |
| 856 | 4 | 1 |
_3Table of contents _uhttp://catdir.loc.gov/catdir/toc/ecip0420/2004016244.html |
| 942 |
_2ddc _cBOOK |
||
| 949 |
_a725.71 S29 _wDEWEY _c1 _i73958 _lCCODEBUL1 _mBUL _p18.01 _r0 _sY _tBOOK _u2016-6-28 _xINGENIERIA _PP06 _0COMPRA _o.STAFF. Colección General |
||
| 994 |
_aC0 _bPEPRU |
||
| 856 | 4 | 1 |
_3Table of contents _uhttp://catdir.loc.gov/catdir/toc/ecip0420/2004016244.html |
| 596 | _a1 | ||
| 999 |
_a725.71 S29 _wDEWEY _c10263 _i73958 _f2021-11-10 _g7 _lCCODEBUL1 _mBUL _p18.01 _r0 _sY _tBOOK _u2016-6-28 _xINGENIERIA _PP06 _0COMPRA _o.STAFF. Colección General _d10263 |
||
| 980 |
_81 _gALBERTO SANCHEZ Responsable de Automatización |
||